<?xml version="1.0" encoding="UTF-8"?>
<record
    xmlns:xsi="http://www.w3.org/2001/XMLSchema-instance"
    xsi:schemaLocation="http://www.loc.gov/MARC21/slim http://www.loc.gov/standards/marcxml/schema/MARC21slim.xsd"
    xmlns="http://www.loc.gov/MARC21/slim">

  <leader>00391nam a22001577a 4500</leader>
  <controlfield tag="003">SGT</controlfield>
  <datafield tag="020" ind1=" " ind2=" ">
    <subfield code="a">978-8131253458</subfield>
  </datafield>
  <datafield tag="082" ind1=" " ind2=" ">
    <subfield code="a">617.6342</subfield>
    <subfield code="b">S19R</subfield>
  </datafield>
  <datafield tag="100" ind1=" " ind2=" ">
    <subfield code="a">Gopikrishna</subfield>
  </datafield>
  <datafield tag="245" ind1=" " ind2=" ">
    <subfield code="a">Sturdevant's Art &amp; Science of Operative Dentistry</subfield>
  </datafield>
  <datafield tag="250" ind1=" " ind2=" ">
    <subfield code="a">2ND South Asia</subfield>
  </datafield>
  <datafield tag="260" ind1=" " ind2=" ">
    <subfield code="a">NEW DELHI</subfield>
    <subfield code="b">Elsevier India</subfield>
    <subfield code="c">2019</subfield>
  </datafield>
  <datafield tag="300" ind1=" " ind2=" ">
    <subfield code="a">702</subfield>
  </datafield>
  <datafield tag="650" ind1=" " ind2=" ">
    <subfield code="a">Operative Dentistry</subfield>
  </datafield>
  <datafield tag="942" ind1=" " ind2=" ">
    <subfield code="2">ddc</subfield>
    <subfield code="c">BK</subfield>
    <subfield code="0">100</subfield>
  </datafield>
  <datafield tag="952" ind1=" " ind2=" ">
    <subfield code="0">0</subfield>
    <subfield code="1">0</subfield>
    <subfield code="2">ddc</subfield>
    <subfield code="4">0</subfield>
    <subfield code="7">0</subfield>
    <subfield code="a">FD</subfield>
    <subfield code="b">FD</subfield>
    <subfield code="c">TXT</subfield>
    <subfield code="d">2021-03-02</subfield>
    <subfield code="e">AHUJA BOOK COMPANY </subfield>
    <subfield code="g">1800.00</subfield>
    <subfield code="i">SGTU</subfield>
    <subfield code="l">53</subfield>
    <subfield code="o">617.6342 S19R</subfield>
    <subfield code="p">FD8172</subfield>
    <subfield code="r">2025-12-05 00:00:00</subfield>
    <subfield code="s">2025-12-05</subfield>
    <subfield code="w">2021-01-27</subfield>
    <subfield code="y">BK</subfield>
    <subfield code="k">12616</subfield>
  </datafield>
  <datafield tag="952" ind1=" " ind2=" ">
    <subfield code="0">0</subfield>
    <subfield code="1">0</subfield>
    <subfield code="2">ddc</subfield>
    <subfield code="4">0</subfield>
    <subfield code="7">0</subfield>
    <subfield code="a">FD</subfield>
    <subfield code="b">FD</subfield>
    <subfield code="c">TXT</subfield>
    <subfield code="d">2021-03-02</subfield>
    <subfield code="e">AHUJA BOOK COMPANY </subfield>
    <subfield code="g">1800.00</subfield>
    <subfield code="i">SGTU</subfield>
    <subfield code="l">59</subfield>
    <subfield code="o">617.6342 S19R</subfield>
    <subfield code="p">FD8173</subfield>
    <subfield code="r">2026-05-19 00:00:00</subfield>
    <subfield code="s">2026-05-05</subfield>
    <subfield code="w">2021-01-27</subfield>
    <subfield code="y">BK</subfield>
    <subfield code="k">12616</subfield>
  </datafield>
  <datafield tag="952" ind1=" " ind2=" ">
    <subfield code="0">0</subfield>
    <subfield code="1">0</subfield>
    <subfield code="2">ddc</subfield>
    <subfield code="4">0</subfield>
    <subfield code="7">0</subfield>
    <subfield code="a">FD</subfield>
    <subfield code="b">FD</subfield>
    <subfield code="c">TXT</subfield>
    <subfield code="d">2021-03-02</subfield>
    <subfield code="e">AHUJA BOOK COMPANY </subfield>
    <subfield code="g">1800.00</subfield>
    <subfield code="i">SGTU</subfield>
    <subfield code="l">27</subfield>
    <subfield code="o">617.6342 S19R</subfield>
    <subfield code="p">FD8174</subfield>
    <subfield code="r">2026-04-29 00:00:00</subfield>
    <subfield code="s">2026-04-16</subfield>
    <subfield code="w">2021-01-27</subfield>
    <subfield code="y">BK</subfield>
    <subfield code="k">12616</subfield>
  </datafield>
  <datafield tag="999" ind1=" " ind2=" ">
    <subfield code="c">20853</subfield>
    <subfield code="d">20853</subfield>
  </datafield>
</record>
